00504nam a2200193 a 4500001001300000003000900013005001700022008004100039020001100080082001500091100002500106245002500131260004100156300000800197500003500205505002400240650002100264700002500285nice12345678IN_TiNIC20260116012106.0050524s1962 hyda grp 000 0 urd  ac1.2500a297.4bNOM aNomani, H Laiq Ahmad aSeerat-E-Banda Nawaz aHyderabadbIjaz Printing Pressc1962 a76p aincludes index and biblioraphy2 aBibliography, Index aSufism-Gesudaraz1 aNomani, H Laiq Ahmad